• 首页
  • 本馆介绍
  • 公告通知
  • 最新文献
  • 馆藏检索
  • 电子资源
  • 读者导购
  • 参考咨询
  • 我的图书馆
  • 登录
  • 详细信息显示
  • 放入我的书架
  • 预约/预借图书
  • 作者相关作品
  • 分类相关作品
  • 丛书相关作品
  • 出版社相关作品

书目信息

  • 表格格式
  • 工作单格式
  • 卡片格式
题名:
保险常识
    
 
作者: 李嘉华 , 魏润泉 编著
分册:  
出版信息: 北京   中国财政经济出版社  1981.5
页数: 85页
开本: 19cm
丛书名: 保险业务基础知识丛书
单 册:
中图分类: F84
科图分类:
主题词: 保险
电子资源:
ISBN:
000 00628nam0 2200229 45
001 0303270899
005 20060819094110.93
010    @dCNY0.25
091    @a4166.272
100    @a20030327d1981 km y0chiy0120 ea
101 0  @achi
200 1  @a保险常识@ABao Xian Chang Shi@f李嘉华,魏润泉编著@FLi Jia Hua,Wei Run Quan Bian Zhu
210    @a北京@c中国财政经济出版社@d1981.5
215    @a85页@d19cm
225    @a保险业务基础知识丛书
410    @12001 @a保险业务基础知识丛书
606 0  @a保险
690    @aF84@v3
701  0 @a李嘉华@4编著
701  0 @a魏润泉@4编著
801    @aCN@bTSTC@c20060819
905    @a?f1@b57552@dF84@e1
    
    保险常识/李嘉华,魏润泉编著.-北京:中国财政经济出版社,1981.5
    85页;19cm.-(保险业务基础知识丛书)
    
    
    ISBN :CNY0.25
    
●
相关链接 在E读中查询图书 在五车中查询图书 在当当中查询图书 在豆瓣中查询图书


正题名:保险常识     索取号:F84/1         预约/预借

序号 登录号 条形码 馆藏地/架位号 状态 备注
1 0057552   001777107   密集书库/ [索取号:F84/1] 在馆    
2 0057553   000492363   第一借阅区/ [索取号:F84/1] 在馆    
3 0057554   000492354   第一样本阅览室/ [索取号:F84/1] 在馆    
4 0465342   204653428   密集书库/ [索取号:F84/1] 在馆    
5 0465566   204655667   密集书库/ [索取号:F84/1] 在馆    
6 0469444   204694447   密集书库/ [索取号:F84/1] 在馆    
唐山师范学院图书馆 欢迎您!
大连网信软件有限公司© 版权所有